Estudios de caracterización y zonificación ambiental de la unidad biográfica de Saturban (Registro nro. 8052)

Detalles MARC
000 -CABECERA
Campo de control 00433nmm a22001577a 4500
005 - FECHA Y HORA DE LA ULTIMA TRANSACCION
Campo de control 20131213164411.0
008 - ELEMENTOS DE LONGITUD FIJA—INFORMACION GENERAL
Campo de control 131213b2002 ck ||||| |||| 00| 0 spa d
041 ## - IDIOMA
Código de idioma para texto/pista de sonido o título separado Español
044 ## - PAÍS DE PUBLICACIÓN
País de publicación Colombia
090 ## - CLASIFICACIÓN LOCAL
Colección LB
Consecutivo 05865
110 ## - ASIENTO PRINCIPAL--NOMBRE CORPORATIVO
Nombre corporativo o de jurisdicción como elemento de entrada CORPONOR
245 ## - MENCION DE TITULO
Título Estudios de caracterización y zonificación ambiental de la unidad biográfica de Saturban
260 ## - PUBLICACION, DISTRIBUCION, ETC. (PIE DE IMPRENTA)
Lugar de publicación, distribución, etc. s.l.
Nombre del editor, distribuidor, etc. CORPONOR
Fecha de publicación, distribución, etc. 2002
300 ## - DESCRIPCION FISICA
Extensión 388 p.,
Dimensiones 13 cm
942 ## - ELEMENTOS ADICIONALES (KOHA)
Sistema de clasificación Local
Tipo de ítem CD-ROM
Existencias
Withdrawn status Lost status Sistema de Clasificación Damaged status No para préstamo Colección Ubicación Permanente Ubicación actual Fecha de adquisición Total Checkouts Número topográfico Inventario / Código de Barras Date last seen Ejemplar Price effective from Forma de adquisición Tipo de material
    Local     Audiovisual Bogotá Bogotá 13/12/2013   LB-05865 058630 13/12/2013 Ej. 1 13/12/2013   CD-ROM